000 00244nam a2200109Ia 4500
008 220216s9999 xx 000 0 und d
100 _aDoux J A Le
245 0 _aRubber manufacture
260 _bPlanter
_c1954
300 _a602-606
942 _cJS
999 _c67794
_d67794